|
|
|
|
| LEADER |
00000cam a2200000 i 4500 |
| 001 |
1/87055 |
| 008 |
990721s1995 gr | ||| |||| ||gre|| |
| 035 |
|
|
|l 10052208
|
| 040 |
|
|
|a GR-MyUa
|b gre
|e AACR2
|
| 041 |
0 |
|
|a gre
|
| 082 |
7 |
|
|a 005.3
|2 (22)
|
| 100 |
1 |
|
|a Λιανός, Γεώργιος Π.
|
| 245 |
1 |
0 |
|a Εισαγωγή στην αυτοματοποιημένη επεξεργασία πληροφοριών /
|c Γεώργιος Π. Λιάνος.
|
| 250 |
|
|
|a 2η έκδ.
|
| 260 |
|
|
|a Αθήνα :
|b [χ.ό.],
|c 1995.
|
| 300 |
|
|
|a 1 τ. (ποικίλες σελιδαριθμήσεις) :
|b εικ. ;
|c 25 εκ.
|
| 650 |
|
0 |
|a Word processing.
|
| 650 |
|
0 |
|a Windows (Computer programs)
|
| 650 |
|
0 |
|a Electronic data processing.
|
| 852 |
|
|
|a INST
|b SAMOS
|e 19990721
|h 005.3 ΛΙΑ
|p 005300012543
|q 005300012543
|t BK
|y 0
|
| 901 |
|
|
|a BIBL3-1999-2
|
| 970 |
|
|
|z 1999/07/
|a ΓΕΝΟΥΖΟΥ
|b ΧΡΥΣΑΝΘΗ
|